| 000 | 00630nam a2200181Ia 4500 | ||
|---|---|---|---|
| 003 | GCL | ||
| 008 | 140319s9999 xx 000 0 ara d | ||
| 040 |
_aGCL / _cGCL |
||
| 082 | 0 | 4 |
_a216.4 _bا ا |
| 100 | 1 | _aابراهيم محمود | |
| 245 | 1 | 0 |
_aائمة وسحرة: البحث عن مسيلمة الكذاب وعبد الله بن سبأ فى التاريخ / _cابراهيم محمود |
| 300 | _a260 ص | ||
| 490 |
_aالهيئة العامة للاستعلامات _v0 |
||
| 650 | 0 | 4 | _aالتاريخ الاسلامى |
| 650 | 0 | 4 | _aمسيلمة الكذاب |
| 650 | 0 | 4 | _aعبدالله بن سبا |
| 942 |
_2ddc _cBK |
||
| 999 |
_c48979 _d48979 |
||